00297nam a22001097a 4500008004100000020002200041100003300063245004100096250001700137260002500154300000800179240517b |||||||| |||| 00| 0 eng d a978-81-203-3565-3 aS. P. Robbions & T. A. Judge aOrganizational Behavior 13th Edition a13th Edition aNew DelhibPHIc2008 a716